Sexueller Mißbrauch im Kindesalter
| Beteiligte: | ; |
|---|---|
| Medienart: | Druck Buch |
| Sprache: | Deutsch |
| Veröffentlicht: |
Heidelberg
Ed. Schindele
1989
|
| In: |
Schriftenreihe der Gesellschaft für Sexualerziehung und Sexualmedizin Baden-Württemberg e.V. (4)
Jahr: 1989 |
| Bestand in Tübingen: | In Tübingen vorhanden. IFK: E XI 36 |
| Verfügbarkeit prüfen: | HBZ Gateway |
| Subito Bestelldienst: | Jetzt bestellen. |
| Schlagwörter: |
MARC
| LEADER | 00000cam a2200000 c 4500 | ||
|---|---|---|---|
| 001 | 025655043 | ||
| 003 | DE-627 | ||
| 005 | 20251129030312.0 | ||
| 007 | tu | ||
| 008 | 900329s1989 gw ||||| 00| ||ger c | ||
| 015 | |a 89,N22,0316 |2 dnb | ||
| 015 | |a 89,A37,0740 |2 dnb | ||
| 016 | 7 | |a 890858608 |2 DE-101 | |
| 020 | |a 3891491611 |9 3-89149-161-1 | ||
| 035 | |a (DE-627)025655043 | ||
| 035 | |a (DE-576)01896706X | ||
| 035 | |a (DE-599)GBV025655043 | ||
| 035 | |a (OCoLC)21950476 | ||
| 035 | |a (OCoLC)21950476 | ||
| 040 | |a DE-627 |b ger |c DE-627 |e rakwb | ||
| 041 | |a ger | ||
| 044 | |c XA-DE | ||
| 084 | |a 33 |a 11 |a 19 |a 14 |2 sdnb | ||
| 084 | |a MS 2880 |2 rvk |0 (DE-625)rvk/123649: | ||
| 245 | 0 | 0 | |a Sexueller Mißbrauch im Kindesalter |c hrsg. von Joachim Walter. Mit Beitr. von G. Braun ... |
| 264 | 1 | |a Heidelberg |b Ed. Schindele |c 1989 | |
| 300 | |a 225 S. | ||
| 336 | |a Text |b txt |2 rdacontent | ||
| 337 | |a ohne Hilfsmittel zu benutzen |b n |2 rdamedia | ||
| 338 | |a Band |b nc |2 rdacarrier | ||
| 490 | 1 | |a Schriftenreihe der Gesellschaft für Sexualerziehung und Sexualmedizin Baden-Württemberg e.V. |v 4 | |
| 500 | |a Literaturverz. S. 214 - 223 | ||
| 583 | 1 | |a Massenentsäuerung nicht möglich |2 pdager |5 DE-18-64 | |
| 583 | 1 | |a Archivierung/Langzeitarchivierung gewährleistet |f PEBW |x XA-DE-BW |2 pdager |5 DE-31 | |
| 650 | 0 | |a Child Abuse | |
| 650 | 2 | |a Sexual Behavior | |
| 655 | 7 | |a Konferenzschrift |y 1988 |z Freiburg, Breisgau |0 (DE-588)1071861417 |0 (DE-627)826484824 |0 (DE-576)433375485 |2 gnd-content | |
| 689 | 0 | 0 | |d s |0 (DE-588)4030550-8 |0 (DE-627)104360100 |0 (DE-576)208988165 |a Kind |2 gnd |
| 689 | 0 | 1 | |d s |0 (DE-588)4126865-9 |0 (DE-627)105729094 |0 (DE-576)20958873X |a Sexueller Missbrauch |2 gnd |
| 689 | 0 | |5 DE-101 | |
| 700 | 1 | |a Walter, Joachim |d 1944- |e Hrsg. |0 (DE-588)115807101 |0 (DE-627)077486145 |0 (DE-576)163471479 |4 edt | |
| 700 | 1 | |8 1\p |a Braun, Gisela |d 1957- |e Mitarb. |0 (DE-588)131393324 |0 (DE-627)508768578 |0 (DE-576)298448564 |4 oth | |
| 810 | 2 | |a Gesellschaft für Sexualerziehung und Sexualmedizin Baden-Württemberg |t Schriftenreihe der Gesellschaft für Sexualerziehung und Sexualmedizin Baden-Württemberg e.V. |v 4 |9 400 |w (DE-627)18233077X |w (DE-576)008900655 |w (DE-600)1198180-5 |7 am | |
| 883 | |8 1\p |a cgwrk |d 20241001 |q DE-101 |u https://d-nb.info/provenance/plan#cgwrk | ||
| 935 | |i Blocktest | ||
| 936 | r | v | |a MS 2880 |b Sexuierte Praktiken (Prostitution, Pornographie, auch abweichendes Sexualverhalten, etc.) |k Soziologie |k Spezielle Soziologien |k Soziologische Geschlechterforschung (Gender Studies) |k Sexuierte Praktiken (Prostitution, Pornographie, auch abweichendes Sexualverhalten, etc.) |0 (DE-627)1271304899 |0 (DE-625)rvk/123649: |0 (DE-576)201304899 |
| 951 | |a BO | ||
| ELC | |b 1 | ||
| LOK | |0 000 xxxxxcx a22 zn 4500 | ||
| LOK | |0 001 3328861793 | ||
| LOK | |0 003 DE-627 | ||
| LOK | |0 004 025655043 | ||
| LOK | |0 005 20020607000000 | ||
| LOK | |0 008 930622||||||||||||||||ger||||||| | ||
| LOK | |0 040 |a DE-21-110 |c DE-627 |d DE-21-110 | ||
| LOK | |0 852 |a DE-21-110 | ||
| LOK | |0 852 1 |c E XI 36 |m p |9 00 | ||
| LOK | |0 935 |a k110 | ||
| LOK | |0 936ln |a 9.5.3 | ||
| LOK | |0 938 |k p | ||
| LOK | |0 939 |a 22-06-93 |b l01 | ||
| ORI | |a SA-MARC-krimdoka001.raw | ||
| SIG | |a IFK: E XI 36 | ||
| TIM | |a 100019880101_100019881231 |b 1988 - 1988 | ||
